Stavebné sporiteľne získali polročný náskok
Od júla 2003 začne platiť novela zákona o bankách, ktorá ukončí fixáciu podpory hypoúverov zo strany štátu. Zmeny, ktoré daná situácia prinesie. Výpočet prémie. Zmena v systéme bonifikácie vzbudila medzi klientmi obavy z jej okamžitého zníženia. Tá sa v tomto roku (2003) pravdepodobne nezmení.
Salvato in:
| Autore principale: | |
|---|---|
| Altri autori: | |
| Natura: | Capitolo di libro |
| Lingua: | slovacco |
| Soggetti: | |
| Tags: |
Nessun Tag, puoi essere il primo ad aggiungerne!!
|
MARC
| LEADER | 00000naa a2200000 4500 | ||
|---|---|---|---|
| 001 | r049036 | ||
| 005 | 20230921115148.3 | ||
| 041 | 0 | |a slo | |
| 044 | |a SK | ||
| 245 | 1 | 0 | |a Stavebné sporiteľne získali polročný náskok |c Miro Sedlák, Martin Jankovič |
| 520 | |a Od júla 2003 začne platiť novela zákona o bankách, ktorá ukončí fixáciu podpory hypoúverov zo strany štátu. Zmeny, ktoré daná situácia prinesie. Výpočet prémie. Zmena v systéme bonifikácie vzbudila medzi klientmi obavy z jej okamžitého zníženia. Tá sa v tomto roku (2003) pravdepodobne nezmení. | ||
| 610 | 2 | 0 | |a úver hypotekárny |
| 610 | 2 | 0 | |a bonifikácia úroková |
| 610 | 2 | 0 | |a podpory |
| 610 | 2 | 0 | |a štát |
| 610 | 2 | 0 | |a sporiteľne stavebné |
| 610 | 2 | 0 | |a banky |
| 610 | 2 | 0 | |a Slovensko |
| 100 | 1 | |a Sedlák, Miro | |
| 700 | 1 | |a Jankovič, Martin | |